000 01222cab a22002175a 4500
001 L141655
008 071210s2007 xxk f 000 0 eng d
035 _a(Sirsi) u141655
041 0 _aeng
100 1 _aPearce, Barry
245 0 0 _aCost-effective community involvement in planning
_bpart 1, a gaping hole in the advice
260 _c2007
490 _aTown & Country Planning
_v76(10) October 2007, 345-349(5)
520 _aFirst of this two-article series (see also L141656) argues that there are deficiencies in the UK government's advice to local planning authorities and developers on achieving community involvement in developments. Community involvement can be achieved by following government guidelines, but there is little advice on how to achieve this goal with cost-effective resources. Considers cost and benefit ratios, and provides typical costs for a number of public consultation methods. Examines how cost-effective community involvement might be achieved.
590 _aKA
650 2 4 _aPLANNING POLICY STATEMENT ONE
650 2 4 _aPLANNING AND COMPULSORY PURCHASE ACT 2004
651 4 _aUnited Kingdom
_y
690 _aENVIRONMENTAL AND LAND CONSULTANCY-PLANNING AND DEVELOPMENT
942 _n0
999 _c79559
_d79559